000 00616nam a2200241Ia 4500
005 20260320201155.0
008 008 262003s9999 xx 000 0 eng d
037 _aEBOOK
040 _aCRL
040 _beng
040 _cCRL
041 _2eng
041 _aeng
084 _qCRL
100 _aGabarro
_91134400
245 0 _aWeb Application Design and Implementation: Apache 2, PHP5, MySQL, JavaScript, and Linux/UNIX
260 _bIEEE
260 _c2007
856 _uhttps://ieeexplore.ieee.org/servlet/opac?bknumber=5989430
942 _cEBOOK
999 _c1719389
_d1719389